krainy historyczne pod panowaniem polski - Statystyki

Ogólne statystyki
  • Ten quiz został rozwiązany 99 razy
  • Średni wynik to 5 z 15
Statystyki odpowiedzi
Odpowiedź % Poprawnych
Mazowsze
87%
śląsk
83%
małopolska
82%
wielkopolska
82%
Kujawy
51%
Ruś czerwona
51%
ziemia chełmińska
24%
ziemia dobrzyńska
20%
ziemia Lubuska
18%
Nowa marchia
13%
ziemia kłodzka
12%
łużyce górne
10%
łużyce dolne
9%
Pomorze tylne
5%
krajna
3%
Nie znaleziono quizów pasujących do podanych kryteriów
Rozkład punktacji
Procent ludzi z każdym wynikiem
Percentyl według liczby udzielonych odpowiedzi
Twoja historia wyników
Nie rozwiązałeś tego quizu